00512nam a2200205Ia 4500001000900000003000500009005001700014008004100031010001100072040000900083082001500092100002000107245005700127260002800184300001100212500001400223650001400237650002700251650002800278dia_2834CHAP20230508111508.0220117s1992 xx 000 0 und d a173334 cCHAP a664.752 M3 aMatz, Samuel A. aCookie and Cracker Technology /c by Samuel A. Matz aNew york :b AVI,c1992 a404 p. aI. 174892 aGalletas  aGalletasxTecnología aIndustria panificadora